Logo BPK

Biblioteka

Politechniki Koszalińskiej

Statystyczne własności rozkładów chwilowych wartości parametru F w mowie ciągłej / (Rekord nr 20848)

Szczegóły MARC
000 -ETYKIETA REKORDU
podpole kontrolne o stałej długości 00548nam a2200169 i 4500
001 - NUMER KONTROLNY REKORDU
pole kontrolne bg
040 ## - ŹRÓDŁO KATALOGOWANIA
Instytucja, która utworzyła rekord BPK
041 ## - KOD JĘZYKA
Kod języka tekstu pol
080 ## - UNIWERSALNA KLASYFIKACJA DZIESIĘTNA - UKD
UKD 534:681.322
008 - POLE O STAŁEJ DŁUGOŚCI - DANE KONTROLNE
podpole kontrolne o stałej długości s pl f |000 0 pol
100 1# - NAZWA OSOBOWA
Nazwa osobowa DEMENKO, Grażyna
245 #0 - TYTUŁ/ODPOWIEDZIALNOŚĆ
Tytuł Statystyczne własności rozkładów chwilowych wartości parametru F w mowie ciągłej /
Pozostałe elementy strefy tytułu i oznaczenia odpowiedzialności Grażyna Demenko.
260 ## - STREFA ADRESU WYDAWNICZEGO
Miejsce wydania Warszawa,
Data publikacji, dystrybucji/powstania dokumentu 1980.
490 1# - STREFA SERII I DOKUMENTU WIELOCZĘŚCIOWEGO - FORMA NIE DO WYSZUKIWANIA
Tytuł i oznaczenie odpowiedzialności serii Prace Instytutu Podstawowych Problemów Techniki PAN ;
Numeracja w obrębie serii 31
830 ## - HASŁO DODATKOWE SERII LUB DOKUMENTU WIELOCZĘŚCIOWEGO - TYTUŁ UJEDNOLICONY
Tytuł ujednolicony Prace Instytutu Podstawowych Problemów Techniki PAN ;
856 ## - LOKALIZACJA I DOSTĘP DO ELEKTRONICZNYCH DOKUMENTÓW ZDALNYCH
Link (URL) http://koha.tu.koszalin.pl/cgi-bin/koha/opac-detail.pl?biblionumber=20848
Tekst linku Katalog online BPK
942 ## - DODATKOWE ELEMENTY (KOHA)
Typ dokumentu Książka
Egzemplarze
Wycofany Status egzemplarza Uszkodzony Dostępność Lokalizacja stała Lokalizacja bieżąca Miejsce przechowywania Sygnatura Kod kreskowy Typ dokumentu
      Dostępny Biblioteka Politechniki Koszalińskiej Biblioteka Politechniki Koszalińskiej Wypożyczalnia BG 29331 01620122 Książka
© 2023 Biblioteka Politechniki Koszalińskiej :: KOHA